000 00326nam a2200133Ia 4500
008 230818s1999 xx 000 0 und d
041 _aeng
100 _aRonald
245 _aFood and Beverage Service
260 _bEducation Instt. Pub.
_c1999
300 _a597p
520 _aGeneral
999 _c851754
_d851754
650 _aFood and Beverage service